Valtioita kahden viimeisen kirjaimen mukaan - Statistics

Yleistilastot
  • Tätä visaa on pelattu 644 kertaa
  • Keskiarvotulos 12 / 24
Vastaustilastot
Kirjaimet Valtio % Oikein
WE Zimbabwe
73%
AK Irak
72%
WI Malawi
72%
OA Samoa
71%
SH Bangladesh
68%
LU Tuvalu
66%
ZE Belize
65%
MI Suomi
61%
TU Vanuatu
60%
EL Israel
59%
VO Kosovo
56%
RG Luxemburg
53%
IK Mosambik
49%
AD Tšad
48%
SA Saksa
47%
ER Niger
45%
ME Suriname
41%
AM Vietnam
40%
GA Tonga
39%
YA Libya
36%
BA Kuuba
34%
HO Lesotho
32%
VA Moldova
24%
RI Unkari
19%
Ehtoja vastaavia visoja ei löytynyt
Tulosjakauma
Jokaisen tuloksen saaneiden osuus
Persentiili vastausten määrän mukaan
Tuloshistoriasi
Et ole pelannut tätä visaa